000 005990000a22001930004500
041 0 _aSPA
082 0 4 _aG 234.8 H8874f
100 1 _aHuegel, Federico J. (Julius) (1889-)
245 1 0 _aFlor de santidad / Federico J. Huegel ; Daniel López de Lara, versión castellana
260 _aMéxico, México : Casa Unida de Publicaciones
300 _a174 Pag
500 _aTítulo original : Fairest flower
650 1 4 _aSANTIFICACION - CRISTIANISMO
001 4311
942 _cBK
999 _c34920
_d34920
336 _atexto
_btxt
_2rdacontent
337 _2rdamedia
_asin mediación
_bn
338 _2rdacarrier
_avolumen
_bnc